[Event "Werner-Ott-Open Kreuzberger Sommer 2018"]
[Site "Berlin"]
[Date "2018.07.08"]
[Round "9.6"]
[White "Krefenstein, Sergej"]
[Black "Kather, Yannick"]
[Result "0-1"]
[WhiteElo "2119"]
[BlackElo "2053"]
[Annotator "Lange,A1&BB_R_640941"]
[PlyCount "120"]
[EventDate "2018.06.30"]
[EventType "swiss"]
[EventRounds "9"]
[EventCountry "GER"]
[SourceTitle "WOOKS_2018_R9"]
[Source "Andreas Lange"]
[SourceDate "2018.07.08"]
[SourceVersion "1"]
[SourceVersionDate "2018.07.08"]
[SourceQuality "1"]
[WhiteTeam "TuS Makkabi Berlin"]
[BlackTeam "SC Weisse Dame"]
[WhiteTeamCountry "GER"]
[BlackTeamCountry "GER"]

{D85: Grünfeldindisch (Abtauschvariante, 7.Sf3 bzw nicht 7.Lc4)} 1. d4 Nf6 2.
c4 g6 3. Nc3 d5 4. cxd5 Nxd5 5. e4 Nxc3 6. bxc3 Bg7 7. Nf3 c5 8. Be3 Nc6 9. Qd2
Qa5 10. Rb1 a6 $146 (10... b6 11. Rb5 (11. Rc1 Ba6 12. d5 Bxf1 13. Kxf1 Rd8 14.
Bh6 Qa6+ 15. Kg1 Bxh6 16. Qxh6 Na5 17. Qg7 Rf8 18. Ng5 Kd7 19. Nxh7 Rh8 20.
Qxf7 Qe2 21. h4 Nc4 22. Rh3 {1-0 (22) Gordon,S (2535)-Agopov,M (2452), 1.
Bundesliga 2009/10, Trier 2010}) 11... Qa4 12. Rb1 Ba6 13. Bxa6 Qxa6 14. Qe2
Qa4 15. O-O O-O 16. dxc5 Qxe4 17. cxb6 axb6 18. Rxb6 Rfc8 19. Rc1 Bh6 20. Qc2
Qxc2 21. Rxc2 Bxe3 22. fxe3 Ra5 23. Kf2 Rc5 24. Ke2 Na5 25. Ra6 {Korsus,B 
(2296)-Zezulkin,J (2423),2. Bundesliga Nord 2009/10, Berlin 2010 0-1 (59)}) 11.
Rc1 O-O 12. d5 Rd8 13. c4 Nb4 14. a3 Qxa3 15. Bxc5 Nc2+ 16. Qxc2 Qxc5 17. Bd3
a5 18. O-O Bg4 19. Nd2 a4 20. Rb1 Qa7 21. h3 Bd7 22. Nf3 Rac8 23. Qa2 Rc5 24.
Qa3 b5 25. Rfc1 bxc4 26. Rxc4 Rdc8 27. Rbc1 Rxc4 28. Rxc4 Rb8 29. Bc2 Qa6 30.
Rc7 Be8 31. e5 Rc8 32. Bd3 Qa8 33. Rxc8 Qxc8 34. Bb1 e6 35. Ba2 exd5 36. Bxd5
Bf8 37. Qa2 Qc1+ 38. Kh2 Qa3 39. Qd2 Qe7 40. Qf4 Bg7 41. Qe4 a3 42. Ba2 Qc7 43.
Bd5 Bc6 44. Bxc6 a2 45. Qa4 Bxe5+ 46. Nxe5 Qxe5+ 47. f4 Qb2 48. Bd5 a1=Q 49.
Qe8+ Kg7 50. Qxf7+ Kh6 51. Qf8+ Qg7 52. Qe8 Qad4 53. Be4 Qe3 54. Qd8 Qxf4+ 55.
g3 Qxe4 56. Qd2+ g5 57. Qd6+ Qeg6 58. Qd2 Qe6 59. h4 Qge7 60. g4 Qe2+ 0-1

[Event "Werner-Ott-Open Kreuzberger Sommer 2018"]
[Site "Berlin"]
[Date "2018.07.08"]
[Round "9.7"]
[White "Weber, Erwin"]
[Black "Jeremic, Dusan"]
[Result "1-0"]
[WhiteElo "1982"]
[BlackElo "2179"]
[Annotator "Lange,A1&BB_R_640941"]
[PlyCount "139"]
[EventDate "2018.06.30"]
[EventType "swiss"]
[EventRounds "9"]
[EventCountry "GER"]
[SourceTitle "WOOKS_2018_R9"]
[Source "Andreas Lange"]
[SourceDate "2018.07.08"]
[SourceVersion "1"]
[SourceVersionDate "2018.07.08"]
[SourceQuality "1"]
[WhiteTeam "SC Weisse Dame"]
[BlackTeam "SF Berlin 1903"]
[WhiteTeamCountry "GER"]
[BlackTeamCountry "GER"]

{A46: Damenbauernspiele} 1. Nf3 c5 2. e3 Nc6 3. d4 e6 4. Bd3 Nf6 5. Nbd2 $146 (
5. b3 cxd4 6. exd4 Qa5+ 7. Bd2 Qb6 8. c3 d5 9. O-O Be7 10. a4 O-O 11. Re1 Bd7
12. Na3 {Mueller,L (1953)-Villing,D (2070), Berlin, DSenEM 2010, 0-1 (42)}) ({
Häufig zu sehen ist} 5. O-O {, z. B. ½-½ (45) Muse,D (2356)-Mueller,O (2290)
, 2. Bundesliga Nord 2017/18, Berlin 2017}) 5... d5 6. b3 cxd4 7. exd4 Bd6 8.
Bb2 O-O 9. a3 b6 10. Ne5 Bb7 11. f4 Nd7 12. O-O f6 13. Qh5 f5 14. Nxd7 Qxd7 15.
Rae1 Rf6 16. Qe2 Qe7 17. b4 Qc7 18. Qe3 Ne7 19. g3 Kh8 20. Nf3 Rg8 21. Ng5 Bc8
22. Qe2 Rgf8 23. Rf2 h6 24. Nf3 Rg8 25. Ng5 g6 26. Nf3 Qd7 27. c4 Kh7 28. c5
Bb8 29. Bb5 Qd8 30. Ne5 g5 31. Kh1 gxf4 32. Rxf4 Ng6 33. Nxg6 Rfxg6 34. Rf3 Rg4
35. Bd3 Qg5 36. Bc1 Qh5 37. Bf4 Bxf4 38. Rxf4 Qg5 39. Ref1 Rxf4 40. Rxf4 Qf6
41. Qf2 Bd7 42. Qc2 Rc8 43. Qd2 Kg7 44. Qf2 h5 45. Qe2 Be8 46. Ba6 Rb8 47. Bb5
bxc5 48. Bxe8 Rxe8 49. bxc5 Kg6 50. Rh4 Rh8 51. a4 Rh7 52. a5 Qe7 53. Rf4 Qf6
54. a6 Re7 55. Rh4 Qg5 56. Rf4 Qf6 {(=)} 57. Rh4 Qg5 58. Kg2 Re8 59. c6 Kf6 60.
Rxh5 Qc1 61. Rh4 Qxc6 62. Qe5+ Kg6 63. Qf4 Qc2+ 64. Kh3 Rg8 65. Rh6+ Kf7 66.
Qe5 Qc6 67. Rf6+ Ke7 68. Rh6 Kf7 69. Qf6+ Ke8 70. Rh7 1-0

[Event "Werner-Ott-Open Kreuzberger Sommer 2018"]
[Site "Berlin"]
[Date "2018.07.08"]
[Round "9.8"]
[White "Foerster, Jonas"]
[Black "Heerde, Thomas"]
[Result "1-0"]
[WhiteElo "2284"]
[BlackElo "2010"]
[Annotator "Lange,A1&BB_R_640941"]
[PlyCount "57"]
[EventDate "2018.06.30"]
[EventType "swiss"]
[EventRounds "9"]
[EventCountry "GER"]
[SourceTitle "WOOKS_2018_R9"]
[Source "Andreas Lange"]
[SourceDate "2018.07.08"]
[SourceVersion "1"]
[SourceVersionDate "2018.07.08"]
[SourceQuality "1"]
[WhiteTeam "SV Empor Berlin"]
[BlackTeam "SC Weisse Dame"]
[WhiteTeamCountry "GER"]
[BlackTeamCountry "GER"]

{A57: Wolga/Benkö-Gambit} 1. d4 Nf6 2. c4 c5 3. d5 b5 4. Nf3 b4 5. Qc2 (5. Nbd2
g6 (5... d6 6. e4 Nbd7 7. a4 g6 {½-½ (59) John,H (2113)-Mueller,R (2056),
BMM 2000/01 Landesliga, Berlin 2001}) 6. e4 d6 7. a3 Na6 {½-½ (25) Neurohr,S
(2350)-Lorenz,S (2325)1, 1. Bundesliga 1990/91, Frankfurt/Main 1990}) 5... g6
6. e4 d6 7. Bd3 Nbd7 8. h3 Bg7 9. Bf4 O-O 10. O-O Ne8 11. Nbd2 a5 12. Rfe1 Ne5
13. Nxe5 dxe5 14. Be3 Nd6 15. Bxc5 f5 16. a3 Rb8 17. axb4 axb4 18. Ba7 b3 19.
Qc3 fxe4 20. Nxe4 Rb7 21. c5 Nxe4 22. Bxe4 Bf5 23. c6 Rxa7 24. Rxa7 Bxe4 25.
Rxe4 Qxd5 26. Qc4 e6 27. c7 Rc8 28. Qxd5 exd5 29. Rb4 1-0

[Event "Werner-Ott-Open Kreuzberger Sommer 2018"]
[Site "Berlin"]
[Date "2018.07.08"]
[Round "9.9"]
[White "Rehberg, Raphael"]
[Black "Krueger, Robin Kevin"]
[Result "1/2-1/2"]
[WhiteElo "2279"]
[BlackElo "1942"]
[Annotator "Lange,A1&BB_R_640941"]
[PlyCount "49"]
[EventDate "2018.06.30"]
[EventType "swiss"]
[EventRounds "9"]
[EventCountry "GER"]
[SourceTitle "WOOKS_2018_R9"]
[Source "Andreas Lange"]
[SourceDate "2018.07.08"]
[SourceVersion "1"]
[SourceVersionDate "2018.07.08"]
[SourceQuality "1"]
[WhiteTeam "SG Lok Brandenburg"]
[BlackTeam "MTV Tostedt"]
[WhiteTeamCountry "GER"]
[BlackTeamCountry "GER"]

{C54: Italienische Partie (Hauptvariante)} 1. e4 e5 2. Bc4 Nf6 3. d3 Nc6 4. Nf3
Bc5 5. c3 O-O 6. Nbd2 d5 7. Bb3 (7. exd5 Nxd5 8. Ne4 Be7 9. O-O Nb6 10. Bb3 Bf5
11. Re1 Qd7 12. Qe2 Rad8 13. Bc2 Rfe8 14. a4 a5 15. Be3 Nd5 16. Rad1 Bf8 17.
Bb3 Kh8 18. h3 f6 19. Nh4 Be6 20. Qh5 Qf7 21. Qf3 Qd7 {Holinka,H (2185)
-Noeldner,J (1982), DEM 2018 U16, Willingen 2018, 1-0 (34)}) 7... dxe4 $146 (
7... Bg4 8. Qe2 Re8 9. h3 Bh5 10. Nf1 Qd7 11. Ng3 Bg6 12. Bg5 dxe4 13. dxe4 Qe7
14. Nh4 Rad8 15. Ngf5 Qd7 16. Rd1 Qc8 17. O-O Ne7 18. Nh6+ gxh6 19. Bxf6 Rxd1
20. Rxd1 Rd8 21. Rxd8+ Qxd8 22. Nxg6 {Breitzmann,S (1858)-Klaas,H (1773), DEM
2018 U14, Willingen 2018, 1-0}) 8. dxe4 Qe7 9. O-O Rd8 10. Qe2 h6 11. Nc4 a5
12. a4 Be6 13. Bc2 Nd7 14. Rd1 Qf6 15. h3 Nf8 16. Ne3 Bxe3 17. fxe3 Nd7 18. Rf1
Qe7 19. b3 Qc5 20. Qe1 Qb6 21. Rb1 Nc5 22. Ba3 Nd3 23. Qe2 Nf4 24. Qf2 Nd3 25.
Qe2 1/2-1/2

[Event "Werner-Ott-Open Kreuzberger Sommer 2018"]
[Site "Berlin"]
[Date "2018.07.08"]
[Round "9.10"]
[White "Woerz, Markus"]
[Black "Kauschmann, Herbert"]
[Result "1-0"]
[WhiteElo "2007"]
[BlackElo "2162"]
[Annotator "Lange,A1&BB_R_640941"]
[PlyCount "85"]
[EventDate "2018.06.30"]
[EventType "swiss"]
[EventRounds "9"]
[EventCountry "GER"]
[SourceTitle "WOOKS_2018_R9"]
[Source "Andreas Lange"]
[SourceDate "2018.07.08"]
[SourceVersion "1"]
[SourceVersionDate "2018.07.08"]
[SourceQuality "1"]
[WhiteTeam "SC Kreuzberg"]
[BlackTeam "BSC Rehberge 1945"]
[WhiteTeamCountry "GER"]
[BlackTeamCountry "GER"]

{B82: Sizilianisch (Scheveninger System)} 1. e4 e6 2. d4 c5 3. Nf3 cxd4 4. Nxd4
Nf6 5. Nc3 d6 6. f4 Be7 (6... Nc6 7. Be2 Be7 8. Be3 a6 9. O-O Qc7 10. a4 O-O
11. Kh1 d5 12. e5 Ne4 13. Bd3 Nxc3 14. bxc3 Nxd4 15. cxd4 Bd7 16. Qh5 g6 17.
Qh6 Rfe8 18. g4 Bf8 19. Qh3 Qa5 20. f5 exf5 21. gxf5 Bxa4 22. fxg6 hxg6 23.
Rxf7 Kxf7 24. Rf1+ Kg8 25. Bxg6 Re7 26. e6 Be8 27. Rxf8+ {1-0 (27) Reichenbach,
W-Moehring,G, DEM 1954 U20 (DSV), Schkopau 1954}) 7. Qf3 (7. Be2 {1-0 (28)
Nisipeanu,L (2687)-Hracek,Z (2595), 1. Bundesliga 2004/05, Berlin-Kreuzberg
2004; 0-1 (25) Lagunov,R (936)-Hansch,S (1310), DEM 2007 U10, Willingen 2007})
(7. Bd3 {½-½ (21) Kiesekamp,M (2326)-Postler,R (2247), Oberliga Nord Ost
2016/17, Berlin 2017}) 7... e5 8. Bb5+ Kf8 9. fxe5 dxe5 10. Nf5 Bxf5 11. Qxf5
a6 12. Ba4 b5 13. Bb3 Nc6 14. O-O Nd4 15. Qxe5 Bd6 16. Qg5 h6 17. Qh4 Nxb3 18.
axb3 Qb6+ 19. Kh1 Be5 20. Nd5 Qc6 21. Qf2 Rc8 22. Bd2 Qb7 23. Bb4+ Ke8 24. Qf5
Bxb2 25. Nxf6+ gxf6 26. Rad1 Rxc2 27. Rd5 Qc8 28. Rfd1 Rc1 29. Qxc8+ Rxc8 30.
Rd7 Be5 31. Re7+ Kf8 32. Rxe5+ Kg7 33. Re7 Rhd8 34. Rf1 Rd3 35. Ra7 Rxb3 36.
Bd6 Kg6 37. Rxa6 Kg5 38. Be7 Re8 39. Bxf6+ Kg4 40. Ra7 Rxe4 41. Rxf7 Kh5 42.
Rg7 Rf4 $5 {Noch 'ne Falle.} 43. g4+ (43. Rxf4 $4 Rb1+ 44. Rf1 Rxf1#) 1-0

[Event "Werner-Ott-Open Kreuzberger Sommer 2018"]
[Site "Berlin"]
[Date "2018.07.08"]
[Round "9.11"]
[White "Federau, Juergen"]
[Black "Gelman, Josef"]
[Result "1/2-1/2"]
[WhiteElo "2127"]
[BlackElo "1989"]
[Annotator "Lange,A1&BB_R_640941"]
[PlyCount "97"]
[EventDate "2018.06.30"]
[EventType "swiss"]
[EventRounds "9"]
[EventCountry "GER"]
[SourceTitle "WOOKS_2018_R9"]
[Source "Andreas Lange"]
[SourceDate "2018.07.08"]
[SourceVersion "1"]
[SourceVersionDate "2018.07.08"]
[SourceQuality "1"]
[WhiteTeam "SC Kreuzberg"]
[BlackTeam "SC Weisse Dame"]
[WhiteTeamCountry "GER"]
[BlackTeamCountry "GER"]

{D35: Damengambit (Abtauschvariante)} 1. d4 d5 2. c4 e6 3. Nc3 Nf6 4. cxd5 exd5
5. Bg5 Be7 6. e3 O-O 7. Bd3 h6 8. Bh4 Nbd7 9. Nge2 c5 10. O-O b6 11. Rc1 Bb7
12. f3 Re8 13. Re1 $146 (13. Bf2 Rc8 14. Nf4 a6 15. Bf5 c4 16. Re1 Bd6 17. Nfe2
b5 18. a3 b4 19. axb4 Bxb4 20. Ng3 Qb6 21. e4 dxe4 22. fxe4 Rc7 23. Re2 Rd8 24.
Qc2 Nb8 25. Na4 Qb5 26. d5 Bc8 27. Bb6 {Jaeger,A (2005)-Bockrath,H (1382),
Berlin, Lichtenberger Sommer 2013, 1-0 (32)}) 13... Bf8 14. Bf2 a6 15. a4 Rc8
16. Ng3 cxd4 17. exd4 g6 18. Rxe8 Qxe8 19. Qf1 Nb8 20. Nge2 Bd6 21. Ng3 Rc7 22.
Re1 Re7 23. Rxe7 Qxe7 24. Qc1 Kg7 25. Be3 Ng8 26. Nge2 Nd7 27. Bf4 Bxf4 28.
Qxf4 Ngf6 29. Kf2 Ne8 30. g3 Qd6 31. Qe3 Nef6 32. Bb1 Bc6 33. Qd3 Nb8 34. Nf4
Be8 35. Ba2 Bc6 36. Bb1 Be8 37. Bc2 Nc6 38. Bb3 Qb4 39. Ncxd5 Qxd4+ 40. Qxd4
Nxd4 41. Bd1 b5 42. Nc7 bxa4 43. Nxa6 g5 44. Nd3 Nd5 45. Nac5 Nb6 46. Ke3 Nf5+
47. Kd2 Nd6 48. Kc3 Nb5+ 49. Kd2 1/2-1/2

[Event "Werner-Ott-Open Kreuzberger Sommer 2018"]
[Site "Berlin"]
[Date "2018.07.08"]
[Round "9.12"]
[White "Sommaro, Katja"]
[Black "Dathe, Frederick"]
[Result "0-1"]
[WhiteElo "2087"]
[BlackElo "1895"]
[Annotator "Lange,A1&BB_R_640941"]
[PlyCount "88"]
[EventDate "2018.06.30"]
[EventType "swiss"]
[EventRounds "9"]
[EventCountry "GER"]
[SourceTitle "WOOKS_2018_R9"]
[Source "Andreas Lange"]
[SourceDate "2018.07.08"]
[SourceVersion "1"]
[SourceVersionDate "2018.07.08"]
[SourceQuality "1"]
[WhiteTeam "SV Berolina Mitte"]
[BlackTeam "SC Kreuzberg"]
[WhiteTeamCountry "GER"]
[BlackTeamCountry "GER"]

{[%mdl 8256] A26: Englische Eröffnung (Sizilianisch im Anzug)} 1. c4 Nf6 2.
Nc3 g6 3. g3 Bg7 4. Bg2 O-O 5. Nf3 d6 6. O-O e5 7. d3 Nc6 8. Rb1 a5 9. a3 h6
10. h3 {Es gibt mehrere andere Spielweisen} (10. Qc2 Be6 11. b4 axb4 12. axb4
Qd7 13. Re1 Bh3 14. Bh1 {Neubart,T-Offermann,F (1956), BMM 2002/03 Stadtliga B,
Berlin 2002 0-1}) (10. Ne1 Be6 11. h3 Qd7 {Jaehnisch,F (2245)-Rudolf,H (2280),
2. Bundesliga Nord 1995/96, Deutschland 1996 ½-½}) ({Häufig gespielt:} 10.
b4 {z. B. Pfau,B (2106)-Jeske,K (1975), 2. Bundesliga Ost 2013/14 Frauen,
Deutschland 2014 0-1 (39)}) (10. Bd2 Be6 11. b4 axb4 12. axb4 Qd7 13. b5 Nd8
14. Qc2 Bh3 15. Ra1 Bxg2 16. Rxa8 Bxf1 17. Kxf1 Qh3+ 18. Kg1 Ng4 19. Qd1 f5 20.
Qf1 Qh5 21. h3 Nf6 22. Qg2 g5 23. Nh2 c6 24. bxc6 bxc6 {Nagorni,W (1949)
-Reichenbach,W (2162), DSenEM 2010, Berlin 2010 0-1 (56)}) 10... Be6 11. b4
axb4 12. axb4 Qd7 13. Kh2 e4 14. Ne1 (14. b5 exf3 15. bxc6 bxc6 16. exf3 d5 17.
cxd5 Nxd5 18. Ne4 Qe7 {0-1 (55) Sommaro,K (2114)-Reizniece Ozola,D (2229), 2.
Bundesliga Ost 2014/15 Frauen, Deutschland 2015}) 14... exd3 15. exd3 d5 16. b5
Ne7 17. c5 d4 18. Ne2 Nfd5 19. Bd2 c6 20. Qc1 cxb5 21. Nf3 Bf5 22. Rb3 Nc6 23.
Bxh6 Na5 24. Bxg7 Kxg7 25. Nexd4 Nxb3 26. Nxf5+ Qxf5 27. Qb2+ Nf6 28. Qxb3 Qxc5
29. Qb2 Qd6 30. Qxb5 b6 31. Rb1 Rfb8 32. Qb2 Ra3 33. d4 b5 34. Ne5 Ra6 35. Qb3
Qe6 36. Qc3 Rc8 37. Qb2 Ra2 38. Qxb5 Rxf2 39. Nd3 Rxg2+ 40. Kxg2 Rc2+ 41. Nf2
Qe3 42. Rf1 Qxd4 43. Qb1 Rb2 44. Qd1 Rxf2+ $1 0-1

[Event "Werner-Ott-Open Kreuzberger Sommer 2018"]
[Site "Berlin"]
[Date "2018.07.08"]
[Round "9.13"]
[White "Rollwitz, Juergen"]
[Black "Schulz, Hartmut"]
[Result "0-1"]
[WhiteElo "1949"]
[BlackElo "2080"]
[Annotator "Lange,A1&BB_R_640941"]
[PlyCount "78"]
[EventDate "2018.06.30"]
[EventType "swiss"]
[EventRounds "9"]
[EventCountry "GER"]
[SourceTitle "WOOKS_2018_R9"]
[Source "Andreas Lange"]
[SourceDate "2018.07.08"]
[SourceVersion "1"]
[SourceVersionDate "2018.07.08"]
[SourceQuality "1"]
[WhiteTeam "SC Rochade"]
[BlackTeam "SC Rochade"]
[WhiteTeamCountry "GER"]
[BlackTeamCountry "GER"]

{D02: Damenbauernspiele} 1. d4 d5 2. Nf3 Bf5 3. e3 e6 4. Bd3 Bxd3 5. Qxd3 c6 (
5... Nd7 6. b3 Ngf6 7. Nbd2 Be7 8. O-O O-O 9. Bb2 c5 10. c4 cxd4 11. Bxd4 Nc5
12. Qe2 a5 13. cxd5 exd5 14. Rac1 Ne6 15. a4 {½-½ (15) Roehl,R (2139)-Sarbok,
T (2339), 2. Bundesliga Nord 2015/16, Schwerin 2016}) 6. O-O Nf6 7. Nbd2 Nbd7 (
7... Be7 8. b3 a5 9. a3 O-O 10. Bb2 Nbd7 11. Ne5 Nxe5 12. dxe5 Nd7 13. e4 Qc7
14. f4 Rfd8 15. Qe2 Nc5 16. f5 {½-½ (16) Kleff,A (2170)-Rause,O (2360),
Berliner Sommer 1994}) 8. Ne5 (8. e4 dxe4 9. Nxe4 Nxe4 10. Qxe4 Nf6 11. Qe2 {
½- (34) ½ (34) Krueger,P-Schlage,W, DSB-Kongress Meisterturnier, Hamburg 1921
}) 8... Be7 9. b3 O-O 10. f4 Ne8 11. Bb2 f5 12. Nxd7 Qxd7 13. Nf3 Nf6 14. Ne5
Qe8 15. Rf3 Ne4 16. Rh3 Bd6 17. Nf3 Qd7 18. Qe2 Rac8 19. c4 g6 20. Qe1 Rf7 21.
c5 Bc7 22. b4 Rff8 23. a4 Qg7 24. Qh4 Bd8 25. Qh6 Bf6 26. Rb1 Qxh6 27. Rxh6 b6
28. Rh3 Rb8 29. cxb6 Rxb6 30. Ba3 Nc3 31. Rb3 Ne4 32. Ne5 Bxe5 33. fxe5 Rfb8
34. Rf3 a5 35. Rf2 axb4 36. Bc1 c5 37. Rb1 c4 38. Ra1 Nc3 39. Rb2 Ne4 0-1

[Event "Werner-Ott-Open Kreuzberger Sommer 2018"]
[Site "Berlin"]
[Date "2018.07.08"]
[Round "9.14"]
[White "Schulz, Olaf"]
[Black "Silz, Elisa"]
[Result "0-1"]
[WhiteElo "2019"]
[BlackElo "1988"]
[Annotator "Lange,A1&BB_R_640941"]
[PlyCount "80"]
[EventDate "2018.06.30"]
[EventType "swiss"]
[EventRounds "9"]
[EventCountry "GER"]
[SourceTitle "WOOKS_2018_R9"]
[Source "Andreas Lange"]
[SourceDate "2018.07.08"]
[SourceVersion "1"]
[SourceVersionDate "2018.07.08"]
[SourceQuality "1"]
[WhiteTeam "vereinslos"]
[BlackTeam "SV Empor Berlin"]
[BlackTeamCountry "GER"]

{A01: Larsen-Eröffnung} 1. b3 e5 2. Bb2 Nc6 3. e3 Nf6 4. Nf3 (4. d4 Bb4+ 5. c3
Be7 6. dxe5 Nxe5 7. Nf3 Nxf3+ 8. gxf3 d5 {Glienke,M (2300)-Bastian,H (2335), 1.
Bundesliga 1987/88, Deutschland 1988, 0-1 (69)}) 4... e4 (4... Bd6 5. d4 exd4
6. Nxd4 O-O 7. Bd3 Nxd4 8. Bxd4 Re8 9. O-O {Kornrumpf,J (2084)-Lerch,P (2152),
Berlin, Lichtenberger Sommer 2013, 0-1 (34)}) 5. Nd4 Nxd4 6. Bxd4 d5 $146 (6...
c5 7. Bb2 d5 8. d3 Be7 {Schaefer,M (1501)-Baumeister,W (1576), Berlin 2004,
Open Schwarz-Weiss Neukoelln, ½-½ (56)}) 7. Qe2 c6 8. c4 Be6 9. Nc3 Be7 10.
cxd5 Bxd5 11. Nxd5 Qxd5 12. Rc1 O-O 13. Qc4 Rad8 14. Rc2 a5 15. g3 Ng4 16. h3
Nh6 17. Qc3 Bb4 18. Qb2 Nf5 19. Bc4 Qd6 20. Be5 Qg6 21. a3 Bd6 22. g4 Nh4 23.
Be2 Rfe8 24. Bg3 Nf3+ 25. Bxf3 exf3 26. Bxd6 Rxd6 27. Rc3 Rd3 28. O-O Re4 29.
Rc4 h5 30. Kh1 hxg4 31. Rxe4 Qxe4 32. Rg1 Qh7 33. Rg3 Rd5 34. Qc1 Rh5 35. Qf1
b5 36. d3 f5 37. Kh2 g5 38. a4 Kf7 39. axb5 cxb5 40. e4 Rxh3+ 0-1

[Event "Werner-Ott-Open Kreuzberger Sommer 2018"]
[Site "Berlin"]
[Date "2018.07.08"]
[Round "9.15"]
[White "Jaeger, Andre"]
[Black "Zschaebitz, Klaus"]
[Result "1-0"]
[WhiteElo "1922"]
[BlackElo "2082"]
[Annotator "Lange,A1&BB_R_640941"]
[PlyCount "51"]
[EventDate "2018.06.30"]
[EventType "swiss"]
[EventRounds "9"]
[EventCountry "GER"]
[SourceTitle "WOOKS_2018_R9"]
[Source "Andreas Lange"]
[SourceDate "2018.07.08"]
[SourceVersion "1"]
[SourceVersionDate "2018.07.08"]
[SourceQuality "1"]
[WhiteTeam "SC Rochade"]
[BlackTeam "BSG 1827 Eckbauer"]
[WhiteTeamCountry "GER"]
[BlackTeamCountry "GER"]

{E20: Nimzoindisch (Seltene Züge)} 1. d4 Nf6 2. c4 e6 3. Nc3 Bb4 4. f3 Nc6 5.
e4 Nxe4 $146 {Äh, mutig.} (5... e5 6. d5 Bxc3+ 7. bxc3 Na5 8. c5 b6 9. Be3 Nb7
10. cxb6 axb6 11. Bd3 d6 12. Bb5+ Bd7 13. Bxd7+ Nxd7 14. Ne2 O-O 15. O-O Nbc5
16. g4 Ra3 17. Qc2 Qa8 18. Rfb1 Qa6 19. Nc1 Ra8 20. Kf2 {Albrecht,R (2215)
-Kalinichev,A (2277) Berlin, Kreuzberg Open 2002, 0-1 (31)}) (5... d6 6. Be3 h6
7. Bd3 Bd7 8. Nge2 e5 9. Qc2 exd4 10. Nxd4 Ne5 11. a3 Bxc3+ 12. Qxc3 Nxd3+ 13.
Qxd3 Qe7 14. O-O O-O 15. b4 Rfe8 16. Rfe1 a6 17. Rac1 Rad8 18. Qc3 c6 19. Qd2
Bc8 20. Bf2 {Krieger,F (1621)-Vidic,D (1808), Berlin, Eckbauer Open 1999, 0-1 
(50)}) 6. fxe4 Qh4+ 7. Ke2 Bxc3 8. bxc3 Qxe4+ 9. Kf2 b6 10. Nf3 Na5 11. Bd3 Qb7
12. Re1 d6 13. Be4 c6 14. d5 Bd7 15. dxe6 Bxe6 16. Qxd6 Rd8 17. Qg3 Kf8 18.
Ba3+ Kg8 19. Rad1 Qb8 20. Bd6 Qc8 21. Be5 f6 22. Bxf6 Rd7 23. Rxd7 Qxd7 24. Ne5
Qc7 25. Rd1 Nb7 26. Bxc6 1-0

[Event "Werner-Ott-Open Kreuzberger Sommer 2018"]
[Site "Berlin"]
[Date "2018.07.08"]
[Round "9.17"]
[White "Buttkus, Andre"]
[Black "Sondermann, Jonathan"]
[Result "1-0"]
[WhiteElo "2004"]
[BlackElo "1659"]
[Annotator "Lange,A1&BB_R_640941"]
[PlyCount "67"]
[EventDate "2018.06.30"]
[EventType "swiss"]
[EventRounds "9"]
[EventCountry "GER"]
[SourceTitle "WOOKS_2018_R9"]
[Source "Andreas Lange"]
[SourceDate "2018.07.08"]
[SourceVersion "1"]
[SourceVersionDate "2018.07.08"]
[SourceQuality "1"]
[WhiteTeam "SK Tempelhof 1931"]
[BlackTeam "SC Borussia Lichtenberg"]
[WhiteTeamCountry "GER"]
[BlackTeamCountry "GER"]

{B70: Sizilianisch (Drachen-Variante)} 1. e4 c5 2. Nc3 Nc6 3. Nf3 g6 4. d4 cxd4
5. Nxd4 Bg7 6. Nb3 Nf6 7. Be2 O-O 8. O-O d6 9. Bg5 h6 (9... b6 10. f4 Bb7 11.
Bf3 Na5 12. e5 Bxf3 13. Qxf3 Ne8 14. Nxa5 bxa5 15. Bxe7 Qxe7 16. Qxa8 dxe5 17.
fxe5 Bxe5 18. Qf3 Qd6 19. Kh1 Qb4 20. Rae1 f6 21. a3 Qb8 22. Qd5+ Kg7 23. Qb5
Qxb5 24. Nxb5 {Schnabel,R (2182)-Baumbach,F (2300), FV Schach MP 2000/01
Finale, Berlin 2001 ½-½}) 10. Bh4 (10. Be3 Bd7 11. f4 Rc8 12. h3 a6 13. Qe1
Na5 14. f5 Nc4 15. Bxc4 Rxc4 16. Nd2 Rc8 17. Qh4 g5 18. Qf2 Bb5 19. Nxb5 axb5
20. Bb6 Qd7 21. Rac1 Qc6 22. Rfe1 Ra8 23. a3 Ra4 24. Bd4 e5 {Langner,T (1948)
-Graefe,C (1950), Berlin, Lichtenberger Sommer 2012, 0-1}) 10... Nd7 $146 (
10... a6 11. f4 b5 12. Bf3 e5 13. Qd2 Be6 14. Rad1 Rc8 15. Qxd6 Qxd6 16. Rxd6
exf4 17. Nd5 g5 18. Rxc6 Rxc6 19. Ne7+ Kh7 20. Nxc6 gxh4 21. Nbd4 Bd7 22. e5
Ng4 23. Bxg4 Bxg4 24. Rxf4 h5 25. h3 {Fruebing,S (2205)-Hadj Sassi,N (1964),
Berlin, Unicorn Open 2005, 1-0}) 11. Qd2 Nb6 12. Rab1 Ne5 13. Nd5 Nxd5 14. exd5
g5 15. Bg3 Bf5 16. f4 gxf4 17. Bxf4 Bg6 18. Bxh6 Bxh6 19. Qxh6 Bxc2 20. Rbc1
Bg6 21. Rc3 f6 22. Bh5 Bxh5 23. Rg3+ Bg4 24. Rxg4+ Nxg4 25. Qg6+ Kh8 26. Qh5+
Kg8 27. Qxg4+ Kh8 28. Qh5+ Kg7 29. Qg4+ Kh8 30. Qh5+ Kg7 31. Rf3 Rg8 32. Rg3+
Kf8 33. Qh6+ Kf7 34. Qh7+ 1-0

[Event "Werner-Ott-Open Kreuzberger Sommer 2018"]
[Site "Berlin"]
[Date "2018.07.08"]
[Round "9.18"]
[White "Tschernatsch, Johannes"]
[Black "Thaer, Abdulkadhim Ismaeel"]
[Result "0-1"]
[WhiteElo "1603"]
[BlackElo "1952"]
[Annotator "Lange,A1&BB_R_640941"]
[PlyCount "19"]
[EventDate "2018.06.30"]
[EventType "swiss"]
[EventRounds "9"]
[EventCountry "GER"]
[SourceTitle "WOOKS_2018_R9"]
[Source "Andreas Lange"]
[SourceDate "2018.07.08"]
[SourceVersion "1"]
[SourceVersionDate "2018.07.08"]
[SourceQuality "1"]
[WhiteTeam "SV Babelsberg 03"]
[BlackTeam "SC Zugzwang 95"]
[WhiteTeamCountry "GER"]
[BlackTeamCountry "GER"]

{C42: Russische Verteidigung (Petrow)} 1. e4 e5 2. Nf3 Nf6 3. Nxe5 d6 4. Nf3
Nxe4 5. Nc3 Nxc3 6. dxc3 Nc6 7. Bc4 $146 (7. Bf4 Bf5 (7... Bg4 8. Be2 Be7 9.
Qd2 Qd7 10. O-O-O a6 11. h3 Bf5 12. g4 Bg6 13. g5 Bf5 14. h4 O-O-O 15. Nd4 Nxd4
16. Qxd4 Qe6 17. Bc4 Qe4 18. Bd3 {1-0 (18) Krichi,A (2068)-Knabe,S (1807),
Potsdam, Int . Weihnachtsopen, 2016}) 8. Qd2 Be7 9. Bd3 Qd7 10. O-O O-O 11.
Rfe1 Rfe8 12. Nd4 {Suechting,H-Von Bardeleben,C, Duesseldorf 1908, 16.
Kongress DSB, ½-½ (38)}) 7... Be7 8. Qd2 O-O 9. O-O Bf5 10. h3 {Rest
unleserlich} 0-1